000 00300nam a22001337a 4500
003 SGT
082 _a610.7368
_bM15T
100 _aTHEODORE, DOROTH D.
245 _aTB. OF MENTAL HEALTH NURSING
260 _aINDIA
_bJAYPEE
_c2015
300 _a154
650 _aPSYCHIATRIC
942 _2ddc
_cBK
_033
999 _c10954
_d10954